Piętra roślinne w Tatrach - Statystyki

Ogólne statystyki
  • Ten quiz został rozwiązany 78 razy
  • Średni wynik to 5 z 6
Statystyki odpowiedzi
Wysokość Piętro roślinne % Poprawnych
do 1800 m n.p.m. Piętro kosodrzewiny
81%
do 1200–1250 m n.p.m. Regiel dolny
81%
do 1500 m n.p.m. Regiel górny
81%
do 2300 m n.p.m. Piętro halne
77%
powyżej 2500 m n.p.m. Piętro turniowe
77%
do ok. 650 m n.p.m. Pogórze
64%
Nie znaleziono quizów pasujących do podanych kryteriów
Rozkład punktacji
Procent ludzi z każdym wynikiem
Percentyl według liczby udzielonych odpowiedzi
Twoja historia wyników
Nie rozwiązałeś tego quizu